00656nam a2200193 a 450000100060000000300090000600800410001502000180005604000280007408200100010210000290011224500790014126000330022030000090025365000410026294200120030399900150031595201320033023769CO-ViMGA141112s2004 ck r 000 u spa d a9789589936436 aCO-ViMGAbspacCO-ViMGA04aBERb11 aBernasconi, Pablo93438110aEl brujo, el horrible y el libro rojo de los hechizos / cPablo Bernasconi aArgentina : bsurAméricana a32p.14aCUENTOS INFANTILES ARGENTINOS916313 2ddccBK c3443d3443 01102ddc44708008aMEVIECARbMEVIECARd2015-12-04h11/ago/2011l0oBERb1 p24658r2015-12-04 00:00:00tEj. 1w2015-12-04yBK